Flags of Separatist Movements in the United Kingdom - Statistics

General Stats
  • This quiz has been taken 40 times
  • The average score is 11 of 16
Answer Stats
Picture Hint Answer % Correct
Tiny southern tip of Spain Gibraltar
94%
Independence got rejected Scotland
94%
Native inhabitants of Britain Wales
94%
Island in the English Channel Guernsey
91%
Island home to Manx people Isle of Man
91%
Island in the English Channel Jersey
91%
Island in the middle of the Atlantic Ocean Bermuda
83%
Southwestern tip of the country Cornwall
80%
Caribbean colony Montserrat
66%
Caribbean colony Anguilla
63%
Wants unification with Puerto Rico Virgin Islands
63%
Wants unification with Ireland Ulster
60%
Caribbean colony Cayman Islands
57%
Homeland for Northerners Northumbria
34%
Caribbean colony Turks and Caicos Islands
34%
Unification with Mauritius Chagos Islands
23%
No matching quizzes found
Score Distribution
Percent of People with Each Score
Percentile by Number Answered
Your Score History
You have not taken this quiz